000 00657nam a22002297a 4500
001 15737
003 BD-RjUL
005 20211208235857.0
008 140210s1998 bd a|||| |||| 001 0 eng d
020 _a8185680280
035 _a(BD-RjUL)15792
040 _aBD-RjUL
_beng
_cBD-RjUL
_dBD-RjUL
041 _aeng
082 _a629.2295
_bBAS 1998
100 _aBala, B. K.
_948826
245 _asolar drying systems :
_bsimulations and optimization /
260 _adhaka :
_bAgrotech publishing academy,
_cc1998.
300 _a320p. :
_billus. ;
_c22 cm.
500 _aincludes index.
650 _asolar engery in agiculture
_948827
942 _2ddc
_cBK
999 _c15737
_d15737